[Event "BL 1314 Bayern München - Schachfr. Berl"]
[Site "?"]
[Date "2014.02.23"]
[Round "10.6"]
[White "Fedorovsky, Michael"]
[Black "Lauber, Arnd"]
[Result "1-0"]
[WhiteElo "2409"]
[BlackElo "2442"]
[PlyCount "71"]
[EventDate "2014.??.??"]

1. d4 Nf6 2. c4 e6 3. Nf3 b6 4. g3 Ba6 5. Qc2 Bb4+ 6. Bd2 Qe7 7. Bg2 Bb7 8. O-O
Bxd2 9. Nbxd2 d6 10. b4 O-O 11. e4 e5 12. d5 c5 13. bxc5 dxc5 14. Ne1 Nbd7 15.
Nd3 Qd6 16. Rae1 Rae8 17. f4 Ng4 18. Bh3 Qg6 19. Nf3 h5 20. Bxg4 Qxg4 21. Nfxe5
Nxe5 22. fxe5 Bc8 23. Rf4 Qg5 24. Qc3 Re7 25. Kg2 Rfe8 26. h4 Qg6 27. e6 fxe6
28. Ne5 Qh6 29. d6 Rb7 30. Ref1 Rd8 31. Nf7 Qxf4 32. Rxf4 Rxf7 33. Rxf7 Kxf7
34. Qf3+ Kg8 35. e5 Rf8 36. Qc6 1-0

[Event "BL 1314 Bayern München - Schachfr. Berl"]
[Site "?"]
[Date "2014.02.23"]
[Round "10.7"]
[White "Thiede, Lars"]
[Black "Reich, Thomas"]
[Result "0-1"]
[WhiteElo "2443"]
[BlackElo "2392"]
[PlyCount "80"]
[EventDate "2014.??.??"]

1. c4 Nf6 2. g3 g6 3. Bg2 Bg7 4. Nc3 O-O 5. d3 d6 6. Nf3 Nc6 7. Rb1 a5 8. a3 e5
9. O-O Re8 10. e3 Bf5 11. h3 e4 12. Nd4 Nxd4 13. exd4 exd3 14. g4 d2 15. gxf5
dxc1=Q 16. Qxc1 c6 17. fxg6 hxg6 18. b4 axb4 19. axb4 Nh5 20. b5 Bxd4 21. bxc6
bxc6 22. Qd2 Bxc3 23. Qxc3 Nf4 24. Qf3 Qg5 25. Rb6 Ra3 26. Qg4 Rxh3 27. Qxf4
Qxf4 28. Bxh3 Qxc4 29. Bg2 d5 30. Rfb1 Qc3 31. R1b3 Re1+ 32. Kh2 Qe5+ 33. Rg3
Rc1 34. Rbb3 Rc2 35. Rbe3 Qd6 36. Kg1 Kg7 37. Bh3 d4 38. Ref3 c5 39. Bf5 Rc1+
40. Kg2 c4 0-1

[Event "BL 1314 Bayern München - Schachfr. Berl"]
[Site "?"]
[Date "2014.02.23"]
[Round "10.8"]
[White "Zwanzger, Johannes"]
[Black "Agopov, Mikael"]
[Result "0-1"]
[WhiteElo "2326"]
[BlackElo "2421"]
[PlyCount "140"]
[EventDate "2014.??.??"]

1. e4 c5 2. Nf3 d6 3. d4 cxd4 4. Nxd4 Nf6 5. Nc3 a6 6. Be2 e6 7. O-O Be7 8. f4
Qc7 9. Bf3 Nc6 10. Kh1 Nxd4 11. Qxd4 e5 12. Qd3 Be6 13. Nd5 Bxd5 14. exd5 O-O
15. Bd2 exf4 16. Bxf4 Nd7 17. Rae1 Bf6 18. c3 Be5 19. Bg4 Bxf4 20. Bxd7 Be5 21.
Bg4 g6 22. Re2 f5 23. Bf3 Rac8 24. Rd1 Kg7 25. Rde1 Qc4 26. Qxc4 Rxc4 27. Kg1
Kf6 28. g3 h5 29. Kg2 h4 30. Rf1 Rh8 31. Rd2 Kg5 32. Re1 Rc7 33. Rg1 hxg3 34.
hxg3 Rch7 35. Kf1 Rh3 36. Rdg2 b5 37. Ke2 Kf6 38. g4 Re8 39. Kf2 Bf4 40. g5+
Kf7 41. Rf1 Be3+ 42. Ke1 Bxg5+ 43. Kd1 Be3 44. Bg4 Rh7 45. Kc2 Kf6 46. Kb3 Rh4
47. Be2 Bc5 48. Kc2 Re5 49. Rd1 Rf4 50. b4 Rf2 51. Rxf2 Bxf2 52. Bf1 g5 53. c4
bxc4 54. Bxc4 Re4 55. Kb3 a5 56. bxa5 g4 57. Bd3 Rd4 58. Be2 Ke5 59. a6 Rxd1
60. Bxd1 Kxd5 61. Kc3 Ke4 62. Kd2 Bb6 63. Ke1 Ke3 64. a4 d5 65. Bb3 f4 66. Bxd5
f3 67. a5 Bxa5+ 68. Kf1 Bb6 69. Be6 g3 70. Bh3 Kf4 0-1

[Event "BL 1314 Turm Emsdetten - Werder Bremen"]
[Site "?"]
[Date "2014.02.23"]
[Round "10.1"]
[White "Fressinet, Laurent"]
[Black "Giri, Anish"]
[Result "1/2-1/2"]
[WhiteElo "2709"]
[BlackElo "2746"]
[PlyCount "41"]
[EventDate "2014.??.??"]

1. e4 e5 2. Nf3 Nc6 3. Bb5 Nf6 4. O-O Nxe4 5. d4 Nd6 6. Bxc6 dxc6 7. dxe5 Nf5
8. Qxd8+ Kxd8 9. h3 Ke8 10. Nc3 h5 11. Ne2 Be7 12. Re1 Be6 13. Ned4 Nxd4 14.
Nxd4 Bc8 15. Bf4 c5 16. Nb5 Bd8 17. e6 Bxe6 18. Rad1 Ke7 19. Nxc7 Bxc7 20. Bxc7
Rac8 21. Bd6+ 1/2-1/2

[Event "BL 1314 Turm Emsdetten - Werder Bremen"]
[Site "?"]
[Date "2014.02.23"]
[Round "10.3"]
[White "Efimenko, Zahar"]
[Black "Mchedlishvili, Mikheil"]
[Result "1/2-1/2"]
[WhiteElo "2655"]
[BlackElo "2655"]
[PlyCount "59"]
[EventDate "2014.??.??"]

1. e4 c5 2. Nf3 d6 3. c3 Nf6 4. Bd3 Nc6 5. h3 d5 6. e5 Nd7 7. Qe2 Qc7 8. Bb5 a6
9. Bxc6 Qxc6 10. O-O b6 11. d4 e6 12. Na3 a5 13. Re1 Ba6 14. Qd1 h6 15. Nc2 Be7
16. a4 Nf8 17. h4 Nh7 18. Ne3 O-O 19. h5 Kh8 20. Ng4 b5 21. Be3 b4 22. dxc5
bxc3 23. bxc3 Bxc5 24. Nd4 Qc7 25. Qd2 Rfc8 26. Reb1 Rab8 27. f4 Rxb1+ 28. Rxb1
Rb8 29. Nb5 Bxb5 30. axb5 1/2-1/2

[Event "BL 1314 Turm Emsdetten - Werder Bremen"]
[Site "?"]
[Date "2014.02.23"]
[Round "10.4"]
[White "Grandelius, Nils"]
[Black "Edouard, Romain"]
[Result "1/2-1/2"]
[WhiteElo "2605"]
[BlackElo "2661"]
[PlyCount "50"]
[EventDate "2014.??.??"]

1. d4 e6 2. c4 Bb4+ 3. Bd2 a5 4. Nc3 d5 5. e3 Nf6 6. Bd3 O-O 7. Nf3 b6 8. O-O
dxc4 9. Bxc4 Bb7 10. Qe2 Nbd7 11. Rfd1 Qe7 12. a3 Bxc3 13. Bxc3 Ne4 14. Rac1
Nxc3 15. Rxc3 c5 16. Bb5 Rfd8 17. Rdc1 e5 18. dxc5 Nxc5 19. b4 axb4 20. axb4
Bxf3 21. Qxf3 e4 22. Qe2 Nd3 23. Bxd3 exd3 24. Rxd3 Qxb4 25. h3 g6 1/2-1/2

[Event "BL 1314 Turm Emsdetten - Werder Bremen"]
[Site "?"]
[Date "2014.02.23"]
[Round "10.5"]
[White "Nyback, Tomi"]
[Black "Spoelman, Wouter"]
[Result "1-0"]
[WhiteElo "2589"]
[BlackElo "2579"]
[PlyCount "55"]
[EventDate "2014.??.??"]

1. d4 d5 2. c4 c6 3. Nf3 Nf6 4. e3 Bg4 5. Qb3 Qb6 6. Nc3 Bxf3 7. gxf3 e6 8. Bd2
Nbd7 9. O-O-O g6 10. e4 Qxb3 11. axb3 Bg7 12. Bh3 Nb6 13. exd5 exd5 14. Rhe1+
Kd8 15. c5 Nbd7 16. Na4 Re8 17. Kc2 b6 18. Rxe8+ Kxe8 19. Ra1 Rb8 20. Bf4 Rb7
21. Nxb6 Kd8 22. Ra6 Nf8 23. Nc8 Nh5 24. Bd6 f5 25. Nxa7 Ne6 26. Nxc6+ Kd7 27.
Ne5+ Ke8 28. Ra8+ 1-0

[Event "BL 1314 Turm Emsdetten - Werder Bremen"]
[Site "?"]
[Date "2014.02.23"]
[Round "10.6"]
[White "Pruijssers, Roeland"]
[Black "Babula, Vlastimil"]
[Result "1/2-1/2"]
[WhiteElo "2524"]
[BlackElo "2585"]
[PlyCount "45"]
[EventDate "2014.??.??"]

1. e4 e5 2. Nf3 Nc6 3. Bc4 Bc5 4. c3 Nf6 5. d3 O-O 6. O-O d5 7. exd5 Nxd5 8. b4
Be7 9. Re1 Bg4 10. h3 Bh5 11. g4 Bg6 12. b5 Na5 13. Nxe5 Bf6 14. Nxg6 hxg6 15.
Ba3 Nxc3 16. Nxc3 Bxc3 17. Bxf8 Kxf8 18. Rc1 Bxe1 19. Qxe1 Nxc4 20. Rxc4 Qxd3
21. Rxc7 Re8 22. Qb4+ Kg8 23. Qb3 1/2-1/2

[Event "BL 1314 Turm Emsdetten - Werder Bremen"]
[Site "?"]
[Date "2014.02.23"]
[Round "10.7"]
[White "Bluebaum, Matthias"]
[Black "Hector, Jonny"]
[Result "1/2-1/2"]
[WhiteElo "2517"]
[BlackElo "2508"]
[PlyCount "92"]
[EventDate "2014.??.??"]

1. d4 d5 2. c4 c6 3. Nc3 Nf6 4. e3 Bf5 5. cxd5 cxd5 6. Qb3 Nc6 7. Qxb7 Bd7 8.
a3 Rb8 9. Qa6 e5 10. dxe5 d4 11. exf6 dxc3 12. bxc3 Qxf6 13. Ne2 Bc5 14. Nd4
O-O 15. Be2 Nxd4 16. cxd4 Bxd4 17. exd4 Qxd4 18. Bb2 Rxb2 19. O-O Re8 20. Rad1
Qa4 21. Qxa4 Bxa4 22. Rd4 Bb5 23. Bxb5 Rxb5 24. g3 Ra5 25. a4 g6 26. Rb1 Re7
27. Kg2 Kg7 28. Rb2 Rc7 29. h4 h5 30. Rf4 Rac5 31. Rbb4 a5 32. Rb6 Rc4 33. Rbf6
Rxf4 34. Rxf4 Rc3 35. f3 Rc2+ 36. Kh3 Rb2 37. g4 Rb4 38. Kg3 hxg4 39. fxg4 f6
40. Rxb4 axb4 41. a5 b3 42. a6 b2 43. a7 b1=Q 44. a8=Q Qe1+ 45. Kh3 Qe3+ 46.
Kg2 Qe2+ 1/2-1/2

[Event "BL 1314 Turm Emsdetten - Werder Bremen"]
[Site "?"]
[Date "2014.02.23"]
[Round "10.8"]
[White "Richter, Christian"]
[Black "Fish, Gennadij"]
[Result "1/2-1/2"]
[WhiteElo "2362"]
[BlackElo "2458"]
[PlyCount "48"]
[EventDate "2014.??.??"]

1. d4 Nf6 2. Nf3 e6 3. c4 Bb4+ 4. Bd2 c5 5. g3 b6 6. Bg2 Bb7 7. O-O O-O 8. dxc5
Bxc5 9. Nc3 d5 10. Ne1 Bc6 11. cxd5 Nxd5 12. Nd3 Nxc3 13. Bxc3 Bxg2 14. Kxg2
Bd4 15. Bb4 Re8 16. Qb3 Qd7 17. Rac1 Qb7+ 18. Kg1 Nc6 19. Rc4 b5 20. Rcc1 a5
21. Bc5 a4 22. Qc2 Rac8 23. Qd2 Red8 24. Qf4 Bf6 1/2-1/2

[Event "BL 1314 SF Katernberg - Hamburger SK"]
[Site "?"]
[Date "2014.02.23"]
[Round "10.1"]
[White "Van Kampen, Robin"]
[Black "Romanov, Evgeny"]
[Result "1/2-1/2"]
[WhiteElo "2610"]
[BlackElo "2653"]
[PlyCount "116"]
[EventDate "2014.??.??"]

1. e4 d5 2. exd5 Qxd5 3. Nc3 Qa5 4. d4 c6 5. Nf3 Bf5 6. Nh4 Bg6 7. Nxg6 hxg6 8.
Qf3 e6 9. Bd2 Bb4 10. a3 Nf6 11. O-O-O Be7 12. Bc4 Qc7 13. h4 Nbd7 14. Kb1 Qb6
15. Bc1 Nd5 16. Ne4 N7f6 17. Ng5 Rf8 18. Be2 O-O-O 19. c4 Nc7 20. Qc3 c5 21.
dxc5 Bxc5 22. Rxd8+ Kxd8 23. Rd1+ Ke7 24. Bf4 Rc8 25. Be5 Nce8 26. f3 Rd8 27.
Rxd8 Qxd8 28. b4 Bf2 29. Nh3 Bb6 30. Qd3 Nd7 31. Bc3 Bc7 32. f4 Qb8 33. g3 e5
34. c5 Nef6 35. Qc4 Nf8 36. Bd1 Ne6 37. Bb3 b5 38. Qe2 Qb7 39. Ka2 Ne4 40. Bb2
Nxg3 41. Qg4 exf4 42. Ng5 Nxg5 43. Qxg5+ Kf8 44. Qg4 Nf5 45. h5 Qc6 46. hxg6
fxg6 47. Qh3 Ke7 48. Qh8 f3 49. Bxg7 f2 50. Qf8+ Kd7 51. Qf7+ Kc8 52. Be6+ Kb7
53. Bd5 f1=Q 54. Bxc6+ Kxc6 55. Qe6+ Kb7 56. Qd5+ Kb8 57. Qg8+ Kb7 58. Qd5+ Kb8
1/2-1/2

[Event "BL 1314 SF Katernberg - Hamburger SK"]
[Site "?"]
[Date "2014.02.23"]
[Round "10.3"]
[White "Hansen, Sune Berg"]
[Black "Fier, Alexandr"]
[Result "1/2-1/2"]
[WhiteElo "2564"]
[BlackElo "2587"]
[PlyCount "70"]
[EventDate "2014.??.??"]

1. d4 d5 2. c4 e6 3. Nf3 Nf6 4. g3 Bb4+ 5. Bd2 Be7 6. Bg2 O-O 7. O-O c6 8. Qc2
b6 9. Rd1 Ba6 10. b3 Nbd7 11. Bf4 Rc8 12. Nc3 dxc4 13. Ne5 Nxe5 14. dxe5 Nd5
15. Ne4 b5 16. Nd6 Bxd6 17. exd6 Qf6 18. d7 Ra8 19. Bd6 Rfd8 20. e4 Rxd7 21.
exd5 cxd5 22. Bb4 Bb7 23. bxc4 bxc4 24. Qa4 Rc7 25. Ba5 Rcc8 26. Qd7 Bc6 27.
Qd6 Ba4 28. Rdc1 Rc6 29. Qb4 Bc2 30. Qd2 Bd3 31. Bc3 Qg6 32. Re1 Rd8 33. Bd4 a6
34. Rac1 h6 35. Qc3 Rb8 1/2-1/2

[Event "BL 1314 SF Katernberg - Hamburger SK"]
[Site "?"]
[Date "2014.02.23"]
[Round "10.4"]
[White "Firman, Nazar"]
[Black "Svane, Rasmus"]
[Result "0-1"]
[WhiteElo "2530"]
[BlackElo "2469"]
[PlyCount "92"]
[EventDate "2014.??.??"]

1. e4 c5 2. Nf3 d6 3. d4 cxd4 4. Nxd4 Nf6 5. Nc3 g6 6. g3 Bg7 7. Bg2 O-O 8. O-O
Nc6 9. Nde2 Rb8 10. a4 a6 11. Nd5 b5 12. axb5 axb5 13. Bg5 Ng4 14. h3 h6 15.
Bc1 Nge5 16. Nef4 b4 17. Ra4 e6 18. Ne3 Qb6 19. Re1 Ba6 20. Bf1 Bxf1 21. Rxf1
Nd4 22. f3 Rfc8 23. Rf2 Ndxf3+ 24. Rxf3 Nxf3+ 25. Qxf3 Rxc2 26. Ne2 Rbc8 27.
Ra1 Bd4 28. Kf1 Rxc1+ 29. Rxc1 Rxc1+ 30. Nxc1 Bxe3 31. Nd3 Bd4 32. b3 Qa6 33.
Qe2 Qa1+ 34. Qe1 Qxe1+ 35. Kxe1 f5 36. exf5 gxf5 37. Ke2 Bc3 38. g4 fxg4 39.
hxg4 Kf7 40. Nf4 Kf6 41. Kf3 d5 42. Nh5+ Ke5 43. Nf4 Bd2 44. Nd3+ Kd4 45. Ke2
Kc3 46. Nc5 e5 0-1

[Event "BL 1314 SF Katernberg - Hamburger SK"]
[Site "?"]
[Date "2014.02.23"]
[Round "10.5"]
[White "Ftacnik, Lubomir"]
[Black "Siebrecht, Sebastian"]
[Result "1/2-1/2"]
[WhiteElo "2536"]
[BlackElo "2502"]
[PlyCount "94"]
[EventDate "2014.??.??"]

1. Nf3 d5 2. g3 c6 3. Bg2 Nf6 4. O-O Bg4 5. d3 e6 6. c4 dxc4 7. dxc4 Qxd1 8.
Rxd1 Nbd7 9. Nc3 h6 10. Be3 Be7 11. h3 Bf5 12. Nd4 Bh7 13. Nb3 Bc2 14. Rd2 Bxb3
15. axb3 a6 16. Rad1 a5 17. Ne4 Bb4 18. Nxf6+ Nxf6 19. Rd3 Ke7 20. Bb6 Rhc8 21.
e4 Ra6 22. Be3 Ke8 23. e5 Nh7 24. h4 Nf8 25. h5 Be7 26. f4 Rd8 27. Rxd8+ Bxd8
28. Ra1 Nd7 29. b4 axb4 30. Rxa6 bxa6 31. Bxc6 Ke7 32. c5 a5 33. Kf2 f6 34.
exf6+ Nxf6 35. Bf3 Bc7 36. Bd4 a4 37. Ke2 Nd7 38. Bxg7 Nxc5 39. Kd2 e5 40. fxe5
Ke6 41. Bg4+ Kf7 42. Bxh6 Bxe5 43. Kc2 Bxg3 44. Be3 Ne4 45. Bf5 Nf6 46. h6 Be5
47. Bc5 a3 1/2-1/2

[Event "BL 1314 SF Katernberg - Hamburger SK"]
[Site "?"]
[Date "2014.02.23"]
[Round "10.6"]
[White "Zaragatski, Ilja"]
[Black "Rogozenco, Dorian"]
[Result "1-0"]
[WhiteElo "2478"]
[BlackElo "2524"]
[PlyCount "85"]
[EventDate "2014.??.??"]

1. Nf3 c5 2. g3 Nc6 3. Bg2 g6 4. c4 Bg7 5. Nc3 d6 6. O-O Qd7 7. e3 Bxc3 8. dxc3
b6 9. e4 Bb7 10. e5 O-O-O 11. exd6 exd6 12. b4 f6 13. a4 Nge7 14. a5 g5 15.
axb6 axb6 16. bxc5 dxc5 17. Qb3 Kc7 18. Be3 Rb8 19. Rfd1 Qf5 20. Rd5 Nxd5 21.
cxd5 Na5 22. d6+ Kxd6 23. Qxb6+ Bc6 24. Bxc5+ Kd7 25. Rd1+ Kc8 26. Qxa5 Rb1 27.
Ne1 Bxg2 28. Rxb1 Qxb1 29. Kxg2 Re8 30. Qa8+ Kd7 31. Qd5+ Kc7 32. Qd6+ Kc8 33.
Qc6+ Kd8 34. Qxf6+ Kc8 35. Qc6+ Kd8 36. Bb6+ Ke7 37. Nf3 g4 38. Ne5 Qf5 39.
Bc5+ Kd8 40. Qa8+ Kc7 41. Qa7+ Kc8 42. Qa6+ Kc7 43. Bd6+ 1-0

[Event "BL 1314 SF Katernberg - Hamburger SK"]
[Site "?"]
[Date "2014.02.23"]
[Round "10.7"]
[White "Heinemann, Thies"]
[Black "Ris, Robert"]
[Result "1/2-1/2"]
[WhiteElo "2459"]
[BlackElo "2414"]
[PlyCount "51"]
[EventDate "2014.??.??"]

1. e4 e5 2. Nf3 Nc6 3. Bb5 Nf6 4. Qe2 Bc5 5. c3 O-O 6. d3 Re8 7. Nbd2 a6 8. Ba4
d5 9. O-O h6 10. exd5 Nxd5 11. Ne4 Bf8 12. Re1 b5 13. Bb3 Be6 14. h3 g6 15. Bd2
f5 16. Ng3 Bf7 17. Qf1 Qd7 18. Rad1 Bg7 19. Bc1 Na5 20. Bc2 c5 21. Bd2 Nc6 22.
Bb3 Rad8 23. Bc1 Na5 24. Bc2 Nc6 25. Bb3 Na5 26. Bc2 1/2-1/2

[Event "BL 1314 SF Katernberg - Hamburger SK"]
[Site "?"]
[Date "2014.02.23"]
[Round "10.8"]
[White "Scholz, Christian"]
[Black "Lampert, Jonas"]
[Result "1/2-1/2"]
[WhiteElo "2358"]
[BlackElo "2362"]
[PlyCount "77"]
[EventDate "2014.??.??"]

1. d4 d5 2. c4 c6 3. Nc3 Nf6 4. e3 e6 5. Nf3 Nbd7 6. Qc2 Bd6 7. Bd3 dxc4 8.
Bxc4 O-O 9. O-O b5 10. Be2 Bb7 11. Rd1 Qc7 12. e4 e5 13. dxe5 Nxe5 14. Nd4 Neg4
15. Bxg4 Nxg4 16. h3 Ne5 17. Nf5 Bc5 18. b4 Bb6 19. a4 a5 20. bxa5 Bxa5 21. Ba3
Rfe8 22. Bd6 Qb6 23. axb5 cxb5 24. Nd5 Bxd5 25. Rxd5 Nc4 26. e5 Qb7 27. Qd3 Bb6
28. Rf1 g6 29. Nh6+ Kg7 30. Ng4 h5 31. Nf6 Nxd6 32. exd6 Kxf6 33. d7 Re6 34.
Qc3+ Ke7 35. Qb4+ Kf6 36. Qb2+ Ke7 37. Qb4+ Kf6 38. Qb2+ Ke7 39. Qb4+ 1/2-1/2

[Event "Schachbundesliga 2013/2014"]
[Site "?"]
[Date "2014.03.15"]
[Round "11.1"]
[White "Bogner, Sebastian"]
[Black "Maze, Sebastien"]
[Result "1-0"]
[WhiteElo "2552"]
[BlackElo "2550"]
[PlyCount "73"]
[EventDate "2014.??.??"]
[WhiteClock "0:03:27"]
[BlackClock "0:06:40"]

1. d4 Nf6 2. c4 e6 3. Nc3 Bb4 4. Qc2 c5 5. dxc5 Na6 6. a3 Bxc3+ 7. Qxc3 Nxc5 8.
b4 Nce4 9. Qd4 d5 10. c5 h6 11. f3 Ng5 12. h4 Ngh7 13. g4 O-O 14. g5 Nh5 15.
gxh6 Re8 16. f4 Qf6 17. Qxf6 gxf6 18. Nf3 Nf8 19. e3 Kh7 20. Bb2 Ng6 21. Kf2
Kxh6 22. Bd3 Bd7 23. Rag1 Rg8 24. Rh2 a6 25. Rhg2 Raf8 26. Be2 Bc8 27. a4 Bd7
28. Bd1 Bc8 29. Ba1 Bd7 30. Bb2 Bc8 31. Ng5 d4 32. Bxh5 dxe3+ 33. Kxe3 e5 34.
Bxg6 exf4+ 35. Kxf4 fxg5+ 36. hxg5+ Kxg6 37. Rh2 1-0

[Event "Schachbundesliga 2013/2014"]
[Site "?"]
[Date "2014.03.15"]
[Round "11.2"]
[White "Wells, Peter K"]
[Black "Tiviakov, Sergei"]
[Result "1/2-1/2"]
[WhiteElo "2487"]
[BlackElo "2652"]
[PlyCount "39"]
[EventDate "2014.??.??"]
[WhiteClock "1:16:25"]
[BlackClock "0:30:15"]

1. d4 Nf6 2. c4 e6 3. Nf3 b6 4. g3 Bb4+ 5. Bd2 Be7 6. Bg2 c6 7. Bf4 O-O 8. Nc3
d5 9. O-O Bb7 10. Rc1 dxc4 11. Ne5 Nd5 12. Nxc4 Na6 13. Ne5 Rc8 14. Nxd5 cxd5
15. Rxc8 Qxc8 16. Qa4 Qe8 17. Qxe8 Rxe8 18. Rc1 Bd6 19. a3 Nb8 20. Nd3 1/2-1/2

[Event "Schachbundesliga 2013/2014"]
[Site "?"]
[Date "2014.03.15"]
[Round "11.3"]
[White "Acs, Peter"]
[Black "Abergel, Thal"]
[Result "1/2-1/2"]
[WhiteElo "2570"]
[BlackElo "2413"]
[PlyCount "129"]
[EventDate "2014.??.??"]
[WhiteClock "1:27:17"]
[BlackClock "1:03:47"]

1. e4 e5 2. Nf3 d6 3. d4 exd4 4. Nxd4 Nf6 5. Nc3 Be7 6. Bf4 O-O 7. Qd2 a6 8.
O-O-O b5 9. Be2 c5 10. Nf5 Bxf5 11. exf5 Nc6 12. Bf3 Rc8 13. Bxc6 Rxc6 14. Rhe1
b4 15. Nd5 Nxd5 16. Qxd5 Rb6 17. Re4 Bf6 18. Bxd6 Bd4 19. Rexd4 cxd4 20. Qxd4
Re8 21. Bxb4 Qb8 22. Bc3 f6 23. b3 h6 24. Kb2 Kh8 25. Rd3 Rc6 26. h4 Rec8 27.
Re3 Qb5 28. g4 Qc5 29. Qxc5 Rxc5 30. h5 a5 31. f3 Kg8 32. Rd3 Kf7 33. a3 Ke8
34. b4 axb4 35. axb4 Rc4 36. Kb3 Kf7 37. Rd7+ Ke8 38. Rd3 Kf7 39. Re3 R4c6 40.
b5 Rc5 41. Bb4 Rxb5 42. Re7+ Kg8 43. c4 Rb6 44. Re4 Kf7 45. Kc3 Ra6 46. c5 Ra1
47. Kc4 Rc1+ 48. Kb5 Rb8+ 49. Kc6 Rc8+ 50. Kd7 R8xc5 51. Bxc5 Rxc5 52. Re7+ Kf8
53. Re3 Kf7 54. Kd6 Rc1 55. Kd5 Rd1+ 56. Ke4 Rg1 57. Ra3 Re1+ 58. Kf4 Re7 59.
Kg3 Rb7 60. f4 Rb1 61. Kg2 Rc1 62. Kf2 Rb1 63. Kf3 Rg1 64. Ra4 Kf8 65. Rb4
1/2-1/2

[Event "Schachbundesliga 2013/2014"]
[Site "?"]
[Date "2014.03.15"]
[Round "11.4"]
[White "Libiszewski, Fabien"]
[Black "Braun, Arik"]
[Result "0-1"]
[WhiteElo "2522"]
[BlackElo "2564"]
[PlyCount "78"]
[EventDate "2014.??.??"]
[WhiteClock "0:31:51"]
[BlackClock "0:04:20"]

1. c4 c6 2. Nf3 d5 3. e3 Nf6 4. Nc3 a6 5. Qc2 g6 6. d4 Bg7 7. Bd3 O-O 8. O-O
dxc4 9. Bxc4 Bf5 10. e4 Bg4 11. Be3 Bxf3 12. gxf3 e6 13. Rad1 Nbd7 14. Kh1 Qe7
15. Be2 Nh5 16. f4 Qh4 17. Rg1 f5 18. Qb3 Kh8 19. Bxh5 Qxh5 20. e5 b5 21. Rg5
Qf3+ 22. Kg1 Rfe8 23. Qc2 Nb6 24. Rd3 Nd5 25. Rg3 Qh5 26. Nxd5 cxd5 27. Rc3 Qh4
28. Bd2 g5 29. Rc7 gxf4 30. Bxf4 Qxf4 31. Rcxg7 Qh6 32. Qc7 f4 33. R3g4 Rac8
34. Re7 Rg8 35. Rxg8+ Rxg8+ 36. Kf1 f3 37. Rf7 Qh3+ 38. Ke1 Rg1+ 39. Kd2 Qh6+
0-1

[Event "Schachbundesliga 2013/2014"]
[Site "?"]
[Date "2014.03.15"]
[Round "11.5"]
[White "Medvegy, Zoltan"]
[Black "Beikert, Guenther"]
[Result "1/2-1/2"]
[WhiteElo "2536"]
[BlackElo "2422"]
[PlyCount "95"]
[EventDate "2014.??.??"]
[WhiteClock "1:02:38"]
[BlackClock "0:47:48"]

1. c4 c5 2. Nf3 Nc6 3. Nc3 Nd4 4. e3 Nxf3+ 5. Qxf3 g6 6. g3 Bg7 7. Bg2 d6 8.
O-O Nf6 9. d3 O-O 10. h3 Rb8 11. Rb1 Bd7 12. Bd2 Qc8 13. Kh2 Bc6 14. e4 Ne8 15.
b4 cxb4 16. Rxb4 Nc7 17. Qe3 Ne6 18. Nd5 Re8 19. f4 Nd4 20. Qf2 e6 21. Nc3 Bd7
22. e5 Nc6 23. Ne4 Nxb4 24. Bxb4 dxe5 25. fxe5 Rf8 26. Nf6+ Bxf6 27. exf6 Bc6
28. Qe3 Kh8 29. Bxf8 Qxf8 30. Rf2 Bxg2 31. Rxg2 b6 32. d4 h6 33. Rc2 Kh7 34. c5
bxc5 35. dxc5 Qd8 36. c6 Qd1 37. Qd2 Qxd2+ 38. Rxd2 g5 39. Rd7 Rb2+ 40. Kg1
Rxa2 41. Rxf7+ Kg6 42. Rb7 Kxf6 43. c7 Rc2 44. Rxa7 Ke5 45. Ra5+ Kd6 46. Ra6+
Ke5 47. Ra5+ Kf6 48. Ra7 1/2-1/2

[Event "Schachbundesliga 2013/2014"]
[Site "?"]
[Date "2014.03.15"]
[Round "11.6"]
[White "Meinhardt, Maximilian"]
[Black "Guliyev, Namig"]
[Result "0-1"]
[WhiteElo "2394"]
[BlackElo "2559"]
[PlyCount "84"]
[EventDate "2014.??.??"]
[WhiteClock "1:35:11"]
[BlackClock "0:47:09"]

1. e4 c5 2. Nc3 Nc6 3. g3 g6 4. Bg2 Bg7 5. d3 d6 6. f4 e6 7. Nf3 Nge7 8. O-O b6
9. Be3 d5 10. Bf2 dxe4 11. dxe4 Ba6 12. Re1 e5 13. Qc1 O-O 14. g4 exf4 15. Qxf4
Qb8 16. e5 Nb4 17. Bh4 Qc7 18. Bf6 Bxf6 19. Qxf6 Nxc2 20. Ng5 Nxe1 21. Bxa8 Nd3
22. e6 Qf4 23. exf7+ Rxf7 24. Qxf7+ Qxf7 25. Nxf7 Kxf7 26. b3 h6 27. Kg2 g5 28.
a4 Kf6 29. Nb5 Bc8 30. Kg3 a6 31. Nc7 Ke5 32. Rd1 Kd4 33. Nd5 Nxd5 34. Bxd5 b5
35. Bc6 c4 36. axb5 c3 37. b6 c2 38. Ra1 c1=Q 39. Rxc1 Nxc1 40. b7 Bxb7 41.
Bxb7 a5 42. Bc6 Nxb3 0-1

[Event "Schachbundesliga 2013/2014"]
[Site "?"]
[Date "2014.03.15"]
[Round "11.7"]
[White "Ruck, Robert"]
[Black "Jacob, Volker"]
[Result "1-0"]
[WhiteElo "2571"]
[BlackElo "2276"]
[PlyCount "55"]
[EventDate "2014.??.??"]
[WhiteClock "0:03:55"]
[BlackClock "0:00:44"]

1. Nf3 c5 2. c4 Nc6 3. d4 cxd4 4. Nxd4 g6 5. e4 Nf6 6. Nc3 Bg7 7. Be3 O-O 8.
Be2 d6 9. O-O Bd7 10. Re1 Nxd4 11. Bxd4 Bc6 12. Bd3 a5 13. Qd2 Nd7 14. Bxg7
Kxg7 15. Rad1 Nc5 16. Bb1 Qb6 17. Re3 h6 18. Rh3 Rh8 19. Qd4+ Kh7 20. e5 Qxb2
21. exd6 exd6 22. Qxd6 Ne6 23. Qe7 Raf8 24. Rg3 Rhg8 25. h4 Ng7 26. h5 Be8 27.
Nd5 f5 28. Rb3 1-0

[Event "Schachbundesliga 2013/2014"]
[Site "?"]
[Date "2014.03.15"]
[Round "11.8"]
[White "Tresch, Ralf"]
[Black "Noe, Christopher"]
[Result "0-1"]
[WhiteElo "2210"]
[BlackElo "2245"]
[PlyCount "110"]
[EventDate "2014.??.??"]
[WhiteClock "0:17:35"]
[BlackClock "0:03:10"]

1. e4 c5 2. Nf3 e6 3. b3 b6 4. Bb2 Bb7 5. d3 d6 6. g3 Nf6 7. Bg2 Be7 8. O-O O-O
9. Nbd2 Nc6 10. Qe2 Qc7 11. Rfe1 Rfd8 12. Rac1 Rac8 13. Nf1 d5 14. exd5 Nxd5
15. Ne3 Nf6 16. c3 b5 17. Nc2 Qa5 18. Ra1 Rc7 19. Red1 Rcd7 20. Ne3 a6 21. a3
Qb6 22. b4 a5 23. bxc5 Bxc5 24. d4 Bf8 25. Rab1 Ba6 26. Bf1 Ra7 27. Qc2 Qc7 28.
a4 b4 29. c4 Ne7 30. Qb3 Bb7 31. Bg2 Be4 32. Rbc1 Qb7 33. Ne5 Bxg2 34. Nxg2
Raa8 35. Nf4 Rac8 36. Nfd3 Nf5 37. Nf4 Bd6 38. Nfd3 Bb8 39. Nc5 Qa7 40. Nf3 Qa8
41. h3 h5 42. Rd3 Ba7 43. Rcd1 Bxc5 44. dxc5 Ne4 45. Rxd8+ Rxd8 46. c6 Rxd1+
47. Qxd1 Qxc6 48. Qd8+ Kh7 49. g4 Qd6 50. Ng5+ Nxg5 51. Qxg5 hxg4 52. hxg4 Qd1+
53. Kg2 f6 54. Qf4 Nh4+ 55. Kh3 Qf1+ 0-1

[Event "Schachbundesliga 2013/2014"]
[Site "?"]
[Date "2014.03.15"]
[Round "11.1"]
[White "Graf, Felix"]
[Black "Piorun, Kacper"]
[Result "1/2-1/2"]
[WhiteElo "2493"]
[BlackElo "2551"]
[PlyCount "86"]
[EventDate "2014.??.??"]
[WhiteClock "0:44:28"]
[BlackClock "0:46:36"]

1. Nf3 Nf6 2. b3 g6 3. Bb2 Bg7 4. g3 d6 5. Bg2 e5 6. c4 O-O 7. d3 Nc6 8. e3 Nh5
9. Nc3 f5 10. Qe2 Kh8 11. Nd2 Be6 12. O-O-O Nf6 13. f4 Bg8 14. Bxc6 bxc6 15.
fxe5 dxe5 16. e4 Qd6 17. Rhf1 Nd7 18. Na4 Rae8 19. Nf3 Qe7 20. Kc2 Be6 21. Qg2
Kg8 22. h3 fxe4 23. dxe4 Rf7 24. Bc1 Ref8 25. Ng5 Rxf1 26. Rxf1 Rxf1 27. Qxf1
Nf8 28. Nf3 Bc8 29. Be3 a6 30. Nc5 Qf7 31. g4 h5 32. gxh5 gxh5 33. Qg2 Ng6 34.
Ng5 Qf6 35. Qe2 Nf4 36. Bxf4 exf4 37. Qxh5 Qb2+ 38. Kd1 Qd4+ 39. Kc2 Qc3+ 40.
Kd1 Qd4+ 41. Kc2 Qf2+ 42. Kd1 Qf1+ 43. Kc2 Qf2+ 1/2-1/2

[Event "Schachbundesliga 2013/2014"]
[Site "?"]
[Date "2014.03.15"]
[Round "11.2"]
[White "Tazbir, Marcin"]
[Black "Belezky, Alexander"]
[Result "1/2-1/2"]
[WhiteElo "2544"]
[BlackElo "2455"]
[PlyCount "90"]
[EventDate "2014.??.??"]
[WhiteClock "0:35:21"]
[BlackClock "0:36:15"]

1. e4 c5 2. Ne2 d6 3. g3 Nc6 4. Bg2 g6 5. c3 Bg7 6. d4 cxd4 7. cxd4 Bg4 8. f3
Bd7 9. Nbc3 Nf6 10. Be3 O-O 11. O-O Qa5 12. Qd2 Rfc8 13. Rfc1 Qd8 14. b3 e6 15.
h3 d5 16. g4 dxe4 17. fxe4 e5 18. d5 Ne7 19. Nd1 Ne8 20. Nb2 Rxc1+ 21. Rxc1 Nc8
22. a4 Ncd6 23. Ng3 Qh4 24. Qf2 Bh6 25. Nd3 f6 26. Rc3 Bxe3 27. Qxe3 a6 28. Nf1
Kg7 29. Nd2 Rc8 30. Nc5 Rc7 31. Nf3 Qg3 32. Qc1 Kg8 33. Nxd7 Rxd7 34. Ng5 Qf4
35. Qxf4 exf4 36. Ne6 g5 37. a5 Ng7 38. Nc5 Rc7 39. b4 Nge8 40. Bf1 Nf7 41. Be2
Ned6 42. Kf1 Ne5 43. Ke1 Kf7 44. Kd1 Ke7 45. Ke1 Ng6 1/2-1/2